000 00518nam a2200181Ia 4500
005 20250326142510.0
008 250326s9999 xx 000 0 und d
037 _aTextbook
040 _aFMSL
_beng
_cFMSL
041 _aeng
_2eng
084 _aY15ob(L:14).56 N8
_qFMSL
100 _aDoyal L
_9746162
245 0 _aWomen & health services
_cDoyal L
260 _aPhildelphia
_bPhildelphia, Open University
_c1998
300 _a258p
942 _cTB
_hY15ob(L:14).56 N8
999 _c1295315
_d1295315